| 000 | 00468nam a2200193Ia 4500 | ||
|---|---|---|---|
| 008 | 170918s9999 xx 000 0 und d | ||
| 020 | _a9780590132053 | ||
| 050 | _bD131 1998 | ||
| 100 | _aDahl, Roald | ||
| 245 | 4 | _aThe magic finger / | |
| 245 | _cby Roald Dahl ; illustrated by Quentin Blake. | ||
| 260 | _aNew York : | ||
| 260 | _bScholastic, | ||
| 260 | _c1998 | ||
| 300 | _a62 pages : | ||
| 300 | _billustrations ; | ||
| 300 | _c19cm. | ||
| 500 | _a450 | ||
| 999 |
_c344280 _d344280 |
||